00420nam a2200121Ia 4500008004100000020001800041100001700059245006900076260002200145650001200167650007500179856004400254171212s9999 xx 000 0 und d a9781921666322 aLaracy, Hugh cLaracy, HughaWatriama and CobFurther Pacific Islands Portraits bANU E Pressc2013 aHistory aWatriama, William Jacob, 1880?-1925; Islands of the Pacific -- History uhttp://www.jstor.org/stable/j.ctt5hgxsb